Algoritmus tvorby a kontroly rozvrhu hodín

Salvato in:
Dettagli Bibliografici
Autore principale: Lángyi, Arpád (Autore)
Altri autori: Hudzovič, Peter, 1940- (Relatore della tesi)
Natura: Manoscritto Libro
Lingua:slovacco
Pubblicazione: Bratislava : STU v Bratislave FEI, 2000
Soggetti:
Tags: Aggiungi Tag
Nessun Tag, puoi essere il primo ad aggiungerne!!

MARC

LEADER 00000ntm a22000003a 4500
001 stu56666
005 20160719164833.7
008 010207s2000------------------------slo-d
040 |a STU  |b slo 
041 0 |a slo 
100 1 |a Lángyi, Arpád  |4 aut 
245 1 |a Algoritmus tvorby a kontroly rozvrhu hodín 
260 |a Bratislava :  |b STU v Bratislave FEI,  |c 2000 
300 |a 53 s 
650 7 |a automatizácia  |2 stusub 
700 1 |a Hudzovič, Peter,  |d 1940-  |4 ths  |u E010  |T FEI Ústav riadenia a priemyselnej informatiky  |X 4976  |U E010  |Y E010  |7 A000004976